Geometry /
Guardado en:
| Autor Principal: | |
|---|---|
| Formato: | Libro |
| Idioma: | English French |
| Publicado: |
Berlin :
Springer,
c2003.
|
| Series: | Universitext
|
| Materias: | |
| Acceso en línea: | Publisher description |
| Etiquetas: |
Agregar Etiqueta
Sin Etiquetas, Sea el primero en etiquetar este registro!
|
| LEADER | 01124cam a22002654a 4500 | ||
|---|---|---|---|
| 001 | MAT.inmabb005350 | ||
| 008 | 020613s2003####gw#a#####b####001#0#eng## | ||
| 005 | 20180611174033.0 | ||
| 245 | 1 | 0 | |a Geometry / |c Michèle Audin. |
| 260 | |a Berlin : |b Springer, |c c2003. | ||
| 300 | |a vi, 357 p. : |b il. ; |c 25 cm. | ||
| 490 | 0 | |a Universitext | |
| 504 | |a Incluye referencias bibliográficas (p. [343]-346) e índice. | ||
| 505 | 0 | |a Introduction -- Affine geometry -- Euclidean geometry, generalities -- Euclidean geometry in the plane -- Euclidean geometry in space -- Projective geometry -- Conics and quadrics -- Curves, envelopes, evolutes -- Surfaces in the dimension-3 space -- A few hints and solutions to exercises. | |
| 510 | 4 | |a MR, |c 2003h:51001 | |
| 020 | |a 3540434984 (pbk.) | ||
| 100 | 1 | |a Audin, Michèle. | |
| 240 | 1 | 0 | |a Géométrie. |l Inglés |
| 650 | 0 | |a Geometry. | |
| 084 | |a 51-01 (53-01) |2 msc2000 | ||
| 010 | |a 2002075835 | ||
| 040 | |a DLC |c DLC |d DLC | ||
| 041 | 1 | |a eng |h fre | |
| 856 | 4 | 2 | |3 Publisher description |u http://www.loc.gov/catdir/enhancements/fy0816/2002075835-d.html |
| 859 | |h 51 |i Au912 |p A-8554 |b BIB. MATEMATICA | ||
